Fine Arts - Music | 4 | 7 | 0 | 0 | 130 | 19 | 62.27 | 1 | 4 |
Fine Arts - Painting | 3 | 5 | 0 | 0 | 95 | 12 | 74.63 | 1 | 2 |
Literature - American | 1 | 5 | 0 | 0 | 65 | 65 | 85.17 | 0 | 0 |
Literature - European | 0 | 3 | 0 | 0 | 30 | 92 | 100.33 | 0 | 0 |
Science - Biology | 1 | 1 | 0 | 0 | 25 | 61 | 84.00 | 0 | 0 |
Literature - British | 1 | 1 | 0 | 0 | 25 | 56 | 80.00 | 0 | 0 |
Fine Arts - Sculpture | 1 | 1 | 0 | 0 | 25 | 77 | 81.50 | 0 | 0 |
Social Science - Psychology | 0 | 2 | 0 | 0 | 20 | 63 | 69.50 | 0 | 0 |
Fine Arts - Opera | 0 | 2 | 0 | 0 | 20 | 99 | 113.50 | 0 | 0 |
History - Cross, Historiography, and Miscellaneous | 0 | 2 | 0 | 0 | 20 | 78 | 86.50 | 0 | 0 |
Literature - World and Miscellaneous | 0 | 2 | 0 | 0 | 20 | 129 | 130.00 | 0 | 0 |
Other - Other Academic and General Knowledge | 0 | 2 | 0 | 0 | 20 | 94 | 94.00 | 0 | 0 |
Science - Chemistry | 0 | 2 | 0 | 0 | 20 | 80 | 98.50 | 0 | 0 |
Social Science - Other | 1 | 0 | 0 | 0 | 15 | 28 | 28.00 | 0 | 1 |
Fine Arts - Jazz | 0 | 1 | 0 | 0 | 10 | 91 | 91.00 | 0 | 0 |
Science - Computer Science | 0 | 1 | 0 | 0 | 10 | 113 | 113.00 | 0 | 0 |
History - European | 0 | 1 | 0 | 0 | 10 | 79 | 79.00 | 0 | 0 |
Social Science - Economics | 0 | 1 | 0 | 0 | 10 | 85 | 85.00 | 0 | 0 |
RMP - Philosophy | 0 | 1 | 0 | 0 | 10 | 84 | 84.00 | 0 | 0 |
Science - Engineering and Miscellaneous | 0 | 1 | 0 | 0 | 10 | 99 | 99.00 | 0 | 0 |
Fine Arts - Architecture | 0 | 0 | 0 | 0 | 0 | | 0.00 | 0 | 0 |
Science - Astronomy | 0 | 0 | 0 | 0 | 0 | | 0.00 | 0 | 0 |